Normal view
MARC view
- AMJAD ISLAM AMJAD
Entry Personal Name
001 - CONTROL NUMBER
- control field: 28214
003 - CONTROL NUMBER IDENTIFIER
- control field: NUST
005 - DATE AND TIME OF LATEST TRANSACTION
- control field: 20200130151456.0
008 - FIXED-LENGTH DATA ELEMENTS
- fixed length control field: 200130|| aca||aabn | a|a d
040 ## - CATALOGING SOURCE
- Original cataloging agency: NUST
- Transcribing agency: NUST
100 ## - HEADING--PERSONAL NAME
- Personal name: AMJAD ISLAM AMJAD
- Dates associated with a name: 1944-
670 ## - SOURCE DATA FOUND
- Source citation: Work cat.: (NUST): AMJAD ISLAM AMJAD 1944-, SAPNO SAY BHARI AANKHAIN, 2008.
